Zhodnocovanie odpadových materiálov do formy kompozitov technológiou vstrekovania

Gespeichert in:
Bibliographische Detailangaben
1. Verfasser: Turcsek, Kristián (Verfasst von)
Weitere Verfasser: Križan, Peter (Betreuung Doktorarbeit)
Format: Manuskript Buch
Sprache:Slowakisch
Veröffentlicht: 2018
Schlagworte:
Online-Zugang:http://is.stuba.sk/zp/portal_zp.pl?podrobnosti=138271
Tags: Tag hinzufügen
Keine Tags, Fügen Sie das erste Tag hinzu!

MARC

LEADER 00000ntm a22000003a 4500
001 stuzp70148
003 SK-STU
005 20180907105840.9
007 ta
008 150427s2015----xo-----f-mn---000-0-slo-d
040 |a STU  |b slo 
041 0 |a slo 
100 1 |a Turcsek, Kristián  |u 020070  |4 aut  |U SjF Strojnícka fakulta  |T SjF Ústav výrobných systémov, enviromentálnej techniky a manažment kvality  |X 41963  |U J0070  |Y 804  |7 41963 
242 0 1 |a Recovery of waste raw materials into the form of composites by injection technology  |y eng 
245 1 0 |a Zhodnocovanie odpadových materiálov do formy kompozitov technológiou vstrekovania 
260 |c 2018 
650 4 |a fytomasa  |2 slo 
650 4 |a pšeničná slama  |2 slo 
650 4 |a odpadový materiál  |2 slo 
650 4 |a kompozit  |2 slo 
650 4 |a termoplast  |2 slo 
650 4 |a pevnosť v ťahu  |2 slo 
650 4 |a analýza vlastností kompozitov  |2 slo 
650 4 |a phytomass  |2 eng 
650 4 |a wheat straw  |2 eng 
650 4 |a waste material  |2 eng 
650 4 |a composite  |2 eng 
650 4 |a thermoplastic  |2 eng 
650 4 |a tensile strength  |2 eng 
650 4 |a analysis of properties of composite materials  |2 eng 
700 1 |a Križan, Peter  |u 020070  |k Z1  |4 ths  |U SjF Strojnícka fakulta  |T SjF Ústav výrobných systémov, enviromentálnej techniky a manažment kvality  |X 38318  |U J0070  |Y 804  |7 A000038318 
856 4 |u http://is.stuba.sk/zp/portal_zp.pl?podrobnosti=138271 
996 |b 284J045505  |c J* 2865/DDP  |l JJSK  |s A  |a 24  |w stuzp70148_0001 
996 |b 284J045506  |c J* 2866/DDP  |l JJSK  |s A  |a 24  |w stuzp70148_0002